[Event "FIDE World Uni Blitz-C 1st"]
[Site "Tornelo INT"]
[Date "2021.03.13"]
[Round "8.12"]
[White "Badelka, Olga"]
[Black "Drakopoulos, Polihronis"]
[Result "1-0"]
[WhiteElo "2428"]
[BlackElo "2120"]
[PlyCount "75"]
[EventDate "2021.03.13"]
[EventType "swiss (blitz)"]
[EventRounds "10"]
[EventCountry "NET"]
[SourceTitle "EXT 2022"]
[Source "ChessBase"]
[SourceDate "2021.10.06"]
[SourceVersion "1"]
[SourceVersionDate "2021.10.06"]
[SourceQuality "1"]

1. Nf3 Nf6 2. g3 d5 3. Bg2 c6 4. 0-0 Bg4 5. h3 Bh5 6. d4 e6 7. c4 Be7 8. cxd5 exd5 9. Nh4 0-0 10. Nf5 Nbd7 11. Nc3 Re8 12. Nxe7+ Qxe7 13. Re1 h6 14. Bf4 Rad8 15. Qb3 Nb6 16. a4 Nc8 17. a5 a6 18. e4 dxe4 19. Nxe4 Nxe4 20. Bxe4 Qd7 21. Bg2 Bg6 22. Rad1 Rxe1+ 23. Rxe1 Ne7 24. Be5 Nd5 25. Rc1 Re8 26. g4 f6 27. Bg3 Be4 28. Bf1 Kh8 29. Re1 Bg6 30. Rxe8+ Bxe8 31. Qa3 Bg6 32. Qf8+ Kh7 33. Bc4 Qf7 34. Qd8 Qe7 35. Qxe7 Nxe7 36. Be6 Be4 37. Bd6 Nd5 38. Bc8 1-0

[Event "FIDE World Uni Blitz-C 1st"]
[Site "Tornelo INT"]
[Date "2021.03.13"]
[Round "10.16"]
[White "Campos Jimenez, Augusto Cesar"]
[Black "Drakopoulos, Polihronis"]
[Result "1-0"]
[WhiteElo "2351"]
[BlackElo "2120"]
[PlyCount "113"]
[EventDate "2021.03.13"]
[EventType "swiss (blitz)"]
[EventRounds "10"]
[EventCountry "NET"]
[SourceTitle "EXT 2022"]
[Source "ChessBase"]
[SourceDate "2021.10.06"]
[SourceVersion "1"]
[SourceVersionDate "2021.10.06"]
[SourceQuality "1"]

1. e4 c5 2. Nf3 d6 3. d4 cxd4 4. Nxd4 Nf6 5. Nc3 a6 6. Bc4 e6 7. 0-0 b5 8. Bb3 Be7 9. Qf3 Bb7 10. Bxe6 fxe6 11. Nxe6 Qd7 12. Nxg7+ Kd8 13. Nf5 Nc6 14. Bg5 Ne5 15. Qf4 Rf8 16. Rad1 Kc7 17. Qh4 Rae8 18. f4 Ng6 19. Qg3 Kb8 20. Nxe7 Qxe7 21. e5 dxe5 22. fxe5 Nxe5 23. Bf4 Ka8 24. Rfe1 Rg8 25. Rxe5 Qxe5 26. Bxe5 Rxg3 27. Bxg3 b4 28. Na4 Re2 29. Rd8+ Ka7 30. Bf2+ Rxf2 31. Kxf2 Bc6 32. Nc5 Kb6 33. Nb3 a5 34. Nd4 Be4 35. Ne6 Bxc2 36. Rd6+ Kb5 37. Nc7+ Kc5 38. Rxf6 a4 39. Ne6+ Kd5 40. Nd8 Ke5 41. Re6+ Kf5 42. Rb6 b3 43. axb3 Bxb3 44. Nc6 h6 45. Nd4+ Ke4 46. Nxb3 axb3 47. Rxb3 h5 48. Rc3 Kf4 49. Rc1 h4 50. b4 h3 51. g3+ Kg5 52. b5 Kg4 53. b6 Kf5 54. b7 Ke4 55. b8Q Kf5 56. Qb5+ Kg4 57. Rc4# 1-0

[Event "FIDE World Uni Blitz-C 1st"]
[Site "Tornelo INT"]
[Date "2021.03.13"]
[Round "3.13"]
[White "Drakopoulos, Polihronis"]
[Black "Ali, Muhammad Lutfi"]
[Result "0-1"]
[WhiteElo "2120"]
[BlackElo "2399"]
[PlyCount "58"]
[EventDate "2021.03.13"]
[EventType "swiss (blitz)"]
[EventRounds "10"]
[EventCountry "NET"]
[SourceTitle "EXT 2022"]
[Source "ChessBase"]
[SourceDate "2021.10.06"]
[SourceVersion "1"]
[SourceVersionDate "2021.10.06"]
[SourceQuality "1"]

1. d4 Nf6 2. c4 g6 3. Nc3 d5 4. Nf3 Bg7 5. e3 0-0 6. Qb3 dxc4 7. Bxc4 c5 8. Ne5 e6 9. 0-0 cxd4 10. Rd1 d3 11. Nxd3 Nc6 12. Nb4 Qb6 13. Nxc6 bxc6 14. Na4 Qc7 15. Bd2 Rd8 16. Bc3 Bd7 17. Nc5 Be8 18. Qa4 Ng4 19. g3 Bxc3 20. bxc3 Qe5 21. Nb7 Qf5 22. f4 Rxd1+ 23. Rxd1 Nxe3 24. Re1 Qe4 25. Rxe3 Qxe3+ 26. Kg2 Qd2+ 27. Kh3 e5 28. fxe5 Bd7+ 29. Kh4 Qh6# 0-1

[Event "FIDE World Uni Blitz-C 1st"]
[Site "Tornelo INT"]
[Date "2021.03.13"]
[Round "6.11"]
[White "Drygalov, Sergey"]
[Black "Drakopoulos, Polihronis"]
[Result "1-0"]
[WhiteElo "2490"]
[BlackElo "2120"]
[PlyCount "125"]
[EventDate "2021.03.13"]
[EventType "swiss (blitz)"]
[EventRounds "10"]
[EventCountry "NET"]
[SourceTitle "EXT 2022"]
[Source "ChessBase"]
[SourceDate "2021.10.06"]
[SourceVersion "1"]
[SourceVersionDate "2021.10.06"]
[SourceQuality "1"]

1. d4 Nf6 2. c4 e6 3. Nf3 Bb4+ 4. Nbd2 b6 5. a3 Bxd2+ 6. Qxd2 Bb7 7. e3 0-0 8. Be2 d6 9. 0-0 Nbd7 10. b4 Ne4 11. Qc2 f5 12. Bb2 Rf6 13. d5 Rh6 14. Rad1 c5 15. h3 Rg6 16. Rfe1 Qe7 17. Bf1 Re8 18. Kh2 Kh8 19. g3 Rh6 20. Bg2 e5 21. Nh4 Rxh4 22. gxh4 Qxh4 23. Rf1 Ndf6 24. f3 Qg3+ 25. Kg1 Ng5 26. Kh1 f4 27. exf4 exf4 28. Qf2 Nh5 29. Bc3 Nxh3 30. Qxg3 Nxg3+ 31. Kh2 Nxf1+ 32. Bxf1 Ng5 33. Kg2 Bc8 34. Bd2 Rf8 35. Kf2 Bf5 36. Re1 Bg6 37. Re7 a5 38. bxa5 bxa5 39. Rd7 h6 40. Rxd6 Bc2 41. Rc6 Rb8 42. Bxf4 Rb2 43. Be5 Ra2 44. Kg3 Bf5 45. Rxh6+ Kg8 46. Rh5 Ra1 47. Rxg5 Rxf1 48. Rxf5 Rg1+ 49. Kf4 Rc1 50. d6 Rxc4+ 51. Ke3 Rc1 52. Rg5 Rd1 53. Rxg7+ Kf8 54. Ra7 c4 55. Rc7 Re1+ 56. Kd4 Ke8 57. Rxc4 Kd7 58. Rc7+ Ke6 59. Re7+ Kf5 60. d7 a4 61. Kd5 Rd1+ 62. Bd4 Kg6 63. d8Q 1-0

[Event "GRE-chT 46th"]
[Site "Rio Achaia"]
[Date "2018.07.11"]
[Round "3.12"]
[White "Drakopoulos, Polihronis"]
[Black "Markidis, Konstantinos"]
[Result "1/2-1/2"]
[WhiteElo "2105"]
[BlackElo "2329"]
[PlyCount "82"]
[EventDate "2018.07.10"]
[EventType "team"]
[EventRounds "7"]
[EventCountry "GRE"]
[SourceTitle "CBM 185 Extra"]
[Source "ChessBase"]
[SourceDate "2018.07.29"]
[SourceVersion "1"]
[SourceVersionDate "2018.07.29"]
[SourceQuality "1"]
[WhiteTeam "You Go You"]
[BlackTeam "Alexandropulis Mas National"]
[WhiteTeamCountry "GRE"]
[BlackTeamCountry "GRE"]

1. d4 Nf6 2. c4 e6 3. g3 Bb4+ 4. Bd2 a5 5. Bg2 d6 6. e3 0-0 7. Ne2 d5 8. 0-0 c6 9. Bxb4 axb4 10. Nd2 b6 11. e4 Na6 12. e5 Ne8 13. f4 Nec7 14. Qb3 Bd7 15. Rfd1 dxc4 16. Nxc4 Nd5 17. Ne3 Nxe3 18. Qxe3 Nc7 19. Nc1 Nd5 20. Qd2 Ra5 21. Nb3 Ra4 22. g4 Qh4 23. h3 h5 24. gxh5 Qxf4 25. Qxf4 Nxf4 26. Bf3 Nxh3+ 27. Kh2 Nf4 28. Rg1 f5 29. Kg3 Nd5 30. Bxd5 f4+ 31. Kf3 cxd5 32. h6 Rf7 33. Rxg7+ Rxg7 34. hxg7 Kxg7 35. Rg1+ Kf7 36. Nc1 b3 37. Nxb3 Rxa2 38. Rg2 Bb5 39. Kxf4 Ra4 40. Ke3 Rb4 41. Nc1 Ra4 1/2-1/2

[Event "GRE-chT 44th"]
[Site "Achaia"]
[Date "2016.07.10"]
[Round "7.13"]
[White "Drakopoulos, Polihronis"]
[Black "Giannoulakis, Labros"]
[Result "0-1"]
[WhiteElo "1988"]
[BlackElo "2214"]
[PlyCount "60"]
[EventDate "2016.07.05"]
[EventType "team-swiss"]
[EventRounds "7"]
[EventCountry "GRE"]
[SourceTitle "CBM 173 Extra"]
[Source "ChessBase"]
[SourceDate "2016.08.29"]
[SourceVersion "1"]
[SourceVersionDate "2016.08.29"]
[SourceQuality "1"]
[WhiteTeam "Egaleo CN"]
[BlackTeam "Naples Sykeon"]
[WhiteTeamCountry "GRE"]
[BlackTeamCountry "GRE"]

1. d4 Nf6 2. Nf3 g6 3. Bg5 Bg7 4. Nbd2 d6 5. c3 0-0 6. e4 h6 7. Bh4 Qe8 8. Bd3 e5 9. 0-0 Nh5 10. Re1 Nc6 11. dxe5 Nxe5 12. Nxe5 dxe5 13. Qc2 Be6 14. Rad1 f6 15. Bc4 Qf7 16. Qb3 Bxc4 17. Nxc4 Rfd8 18. Na5 Qxb3 19. axb3 b6 20. Nc6 Rxd1 21. Rxd1 g5 22. Bg3 Bf8 23. b4 a5 24. bxa5 bxa5 25. Rd5 Ra6 26. Nd8 a4 27. Rd1 Rb6 28. Rb1 a3 29. b4 Be7 30. Rd1 Rd6 0-1

[Event "GRE-chT 44th"]
[Site "Achaia"]
[Date "2016.07.05"]
[Round "1.14"]
[White "Litsas, Panagiotis"]
[Black "Drakopoulos, Polihronis"]
[Result "0-1"]
[WhiteElo "1769"]
[BlackElo "1988"]
[PlyCount "102"]
[EventDate "2016.07.05"]
[EventType "team-swiss"]
[EventRounds "7"]
[EventCountry "GRE"]
[SourceTitle "CBM 173 Extra"]
[Source "ChessBase"]
[SourceDate "2016.08.29"]
[SourceVersion "1"]
[SourceVersionDate "2016.08.29"]
[SourceQuality "1"]
[WhiteTeam "Elefsinas STM"]
[BlackTeam "Egaleo CN"]
[WhiteTeamCountry "GRE"]
[BlackTeamCountry "GRE"]

1. e4 c5 2. Nf3 d6 3. d4 cxd4 4. Nxd4 Nf6 5. Nc3 a6 6. h3 Nc6 7. Be3 e5 8. Nde2 Be6 9. g4 d5 10. exd5 Nxd5 11. Nxd5 Bxd5 12. Rg1 Be7 13. Ng3 0-0 14. c3 Re8 15. Qc2 Rc8 16. Bd3 h6 17. Bf5 Nd4 18. Bxd4 exd4 19. Bxc8 Bg5+ 20. Kf1 d3 21. Qa4 Qxc8 22. f4 Bf6 23. Re1 Rxe1+ 24. Kxe1 Qc5 25. Qe8+ Kh7 26. Rf1 Bh4 27. Kd2 Bxg3 28. Qe3 Qxe3+ 29. Kxe3 Bxa2 30. Kxd3 Bd5 31. Ke3 Bh4 32. Rd1 Bc6 33. Rd2 Bf6 34. Kd3 g6 35. Ke3 Kg7 36. Kd3 Kf8 37. Kc4 Be7 38. Kd4 Bd6 39. Ke3 Ke7 40. Re2 f5 41. gxf5 gxf5 42. h4 h5 43. Kd4+ Be4 44. Rf2 a5 45. Kc4 b6 46. Rf1 Kd7 47. Rf2 Kc6 48. Rf1 Bc5 49. Kb3 Be7 50. Rf2 Bxh4 51. Rh2 Bg3 0-1

[Event "GRE-ch U16"]
[Site "Greece"]
[Date "2014.07.04"]
[Round "1"]
[White "Drakopoulos, Polihronis"]
[Black "Prokopiou, Ioannis"]
[Result "1-0"]
[WhiteElo "1964"]
[BlackElo "1597"]
[PlyCount "137"]
[EventDate "2014.07.04"]
[EventType "swiss"]
[EventRounds "9"]
[EventCountry "GRE"]
[SourceTitle "EXT 2017"]
[Source "ChessBase"]
[SourceDate "2016.10.25"]
[SourceVersion "1"]
[SourceVersionDate "2016.10.25"]
[SourceQuality "1"]

1. d4 d5 2. c4 e5 3. dxe5 d4 4. Nf3 Nc6 5. a3 Nge7 6. e3 Bg4 7. Be2 d3 8. Qxd3 Qxd3 9. Bxd3 Bxf3 10. gxf3 Nxe5 11. Be2 g5 12. Bd2 N7g6 13. Bc3 f6 14. Nd2 Kf7 15. 0-0-0 Be7 16. b4 a5 17. Kb2 axb4 18. axb4 Ra7 19. Ra1 Rha8 20. Rxa7 Rxa7 21. c5 Ra8 22. Nc4 Rb8 23. Ra1 Ke6 24. Ra7 Nc6 25. Ra1 Nce5 26. Kc2 Nh4 27. Nxe5 fxe5 28. Bc4+ Kf5 29. Bd3+ Ke6 30. Be4 h6 31. Ra7 c6 32. Ra1 Nf5 33. Rg1 Ra8 34. Kb3 Rd8 35. Kc2 Bf6 36. Re1 Ne7 37. f4 exf4 38. exf4 Bxc3 39. Kxc3 Kf6 40. fxg5+ hxg5 41. f3 Rh8 42. Re2 Re8 43. Rd2 Rb8 44. Rd6+ Ke5 45. Rh6 Rd8 46. Rh7 Rd7 47. Rf7 Ke6 48. Rf8 Ke5 49. h3 Ke6 50. Rb8 Nf5 51. Rg8 Ng7 52. Rf8 Ke5 53. Rh8 Nf5 54. Bxf5 Kxf5 55. h4 gxh4 56. Rxh4 Ke5 57. Re4+ Kf5 58. Kb3 Kf6 59. Ka4 Rd3 60. Ka5 Rxf3 61. Kb6 Kf5 62. Rh4 Kg5 63. Rh7 Rb3 64. Rxb7 Rxb4+ 65. Kxc6 Rc4 66. Rf7 Kg6 67. Rf1 Rc2 68. Kb6 Rb2+ 69. Kc7 1-0

[Event "Petroupoli ASOP Dias op"]
[Site "Petroupoli"]
[Date "2014.04.09"]
[Round "7.14"]
[White "Drakopoulos, Polihronis"]
[Black "Tsagkaropoulos, Spyridon"]
[Result "0-1"]
[WhiteElo "1996"]
[BlackElo "2029"]
[PlyCount "48"]
[EventDate "2014.02.26"]
[EventType "swiss"]
[EventRounds "7"]
[EventCountry "GRE"]
[SourceTitle "EXT 2024"]
[Source "ChessBase"]
[SourceDate "2023.10.10"]
[SourceVersion "1"]
[SourceVersionDate "2023.10.10"]
[SourceQuality "1"]

1. d4 d5 2. c4 e6 3. Nf3 Nf6 4. g3 Be7 5. Bg2 0-0 6. 0-0 c6 7. Qc2 b6 8. Nbd2 Bb7 9. e4 dxe4 10. Nxe4 Nbd7 11. Rd1 Qc8 12. Nxf6+ Nxf6 13. Ne5 c5 14. d5 Bd6 15. Nf3 exd5 16. cxd5 Re8 17. Be3 h6 18. Nh4 Qd7 19. Nf5 Ng4 20. Bd2 Be5 21. Bh3 Qxd5 22. Kf1 Nxh2+ 23. Ke1 Qh1+ 24. Ke2 Ba6+ 0-1

[Event "Petroupoli ASOP Dias op"]
[Site "Petroupoli"]
[Date "2014.03.05"]
[Round "2.18"]
[White "Pavlis, Antonios"]
[Black "Drakopoulos, Polihronis"]
[Result "1-0"]
[WhiteElo "1783"]
[BlackElo "1996"]
[PlyCount "59"]
[EventDate "2014.02.26"]
[EventType "swiss"]
[EventRounds "7"]
[EventCountry "GRE"]
[SourceTitle "EXT 2024"]
[Source "ChessBase"]
[SourceDate "2023.10.10"]
[SourceVersion "1"]
[SourceVersionDate "2023.10.10"]
[SourceQuality "1"]

1. d4 Nf6 2. Nf3 e6 3. c3 c5 4. Bg5 Be7 5. e3 d6 6. Nbd2 Nbd7 7. Bd3 cxd4 8. exd4 0-0 9. Qc2 Re8 10. 0-0-0 Nf8 11. h4 Bd7 12. Kb1 b5 13. Bxf6 Bxf6 14. Ng5 g6 15. Nxh7 Kxh7 16. h5 Kg7 17. hxg6 Nxg6 18. Ne4 Qe7 19. Ng3 Rh8 20. Nh5+ Rxh5 21. Rxh5 Rh8 22. Bxg6 fxg6 23. Rxh8 Kxh8 24. Qxg6 Qh7 25. Qxh7+ Kxh7 26. g3 Kg6 27. Kc2 a5 28. a3 Bc6 29. Kd3 Bd5 30. Ke3 1-0

[Event "Petroupoli ASOP Dias op"]
[Site "Petroupoli"]
[Date "2014.02.26"]
[Round "1.3"]
[White "Drakopoulos, Polihronis"]
[Black "Nikolaou, Georgios"]
[Result "0-1"]
[WhiteElo "1996"]
[BlackElo "2294"]
[PlyCount "60"]
[EventDate "2014.02.26"]
[EventType "swiss"]
[EventRounds "7"]
[EventCountry "GRE"]
[SourceTitle "EXT 2024"]
[Source "ChessBase"]
[SourceDate "2023.10.10"]
[SourceVersion "1"]
[SourceVersionDate "2023.10.10"]
[SourceQuality "1"]

1. d4 Nf6 2. c4 g6 3. Nc3 Bg7 4. e4 d6 5. f3 0-0 6. Be3 c5 7. Nge2 Nc6 8. d5 Ne5 9. Ng3 h5 10. Be2 h4 11. Nf1 e6 12. Nd2 exd5 13. cxd5 a6 14. a4 Bd7 15. 0-0 b5 16. axb5 axb5 17. Rxa8 Qxa8 18. Bxb5 Bxb5 19. Nxb5 Qa6 20. Na3 Rb8 21. Qc2 Qe2 22. Bg5 Nh7 23. Bxh4 Rxb2 24. Qxb2 Nxf3+ 25. gxf3 Bxb2 26. Nab1 c4 27. Re1 Qd3 28. Bf2 c3 29. Nb3 Ng5 30. Nd4 c2 0-1

[Event "GRE-ch U18"]
[Site "Thessaloniki"]
[Date "2014.01.08"]
[Round "9"]
[White "Drakopoulos, Polihronis"]
[Black "Serpetsidakis, Nikolaos"]
[Result "1-0"]
[WhiteElo "2023"]
[BlackElo "1665"]
[PlyCount "127"]
[EventDate "2014.01.02"]
[EventType "swiss"]
[EventRounds "9"]
[EventCountry "GRE"]
[SourceTitle "EXT 2017"]
[Source "ChessBase"]
[SourceDate "2016.10.25"]
[SourceVersion "1"]
[SourceVersionDate "2016.10.25"]
[SourceQuality "1"]

1. d4 Nf6 2. c4 g6 3. Nf3 Bg7 4. Nc3 d6 5. Bg5 0-0 6. e3 Nbd7 7. Be2 c6 8. 0-0 Qc7 9. Qc2 e5 10. Rfd1 Re8 11. Rac1 Nf8 12. dxe5 dxe5 13. c5 Be6 14. b4 N6d7 15. e4 f6 16. Be3 Bf7 17. Nd2 Ne6 18. Nc4 Bf8 19. Rd2 b6 20. Rcd1 Red8 21. cxb6 Nxb6 22. a3 c5 23. Nxb6 axb6 24. Nd5 Qa7 25. bxc5 bxc5 26. Nxf6+ Kg7 27. Rxd8 Rxd8 28. Rxd8 Nxd8 29. Ng4 Qxa3 30. Nxe5 Qa1+ 31. Bc1 Ne6 32. Qb2 Qxb2 33. Bxb2 Nd4 34. Nxf7 Kxf7 35. Bc4+ Kf6 36. f3 Bd6 37. Kf2 g5 38. g3 h5 39. Bc3 Bc7 40. Bd3 Ke6 41. Bd2 g4 42. f4 Nf3 43. Be3 Bb6 44. h3 Nd4 45. hxg4 hxg4 46. Bc4+ Kf6 47. Bd2 Bc7 48. Bc3 Bb6 49. Ke3 Kg6 50. Kd3 Ba7 51. Be1 Kf6 52. Bf2 Bb6 53. Ba6 Ne6 54. Kc4 Nd4 55. Bc8 Nb3 56. Be3 Nd4 57. Bxg4 Nc2 58. Bf2 Ba5 59. Kxc5 Ne1 60. Kd6 Bb4+ 61. Bc5 Bc3 62. e5+ Kg7 63. e6 Nd3 64. e7 1-0